Économie générale

Gespeichert in:
Bibliographische Detailangaben
1. Verfasser: Poulon, Frédéric
Format: Buch
Sprache:Französisch
Veröffentlicht: Paris DUNOD 2011
Ausgabe:7e éd.
Schlagworte:
Tags: Tag hinzufügen
Keine Tags, Fügen Sie das erste Tag hinzu!

MARC

LEADER 00000nam a2200000 4500
001 0146946
005 20240226090547.8
020 |a 978-2-10-056713-3 
041 0 |a fre 
044 |a FR 
245 1 0 |a Économie générale  |c Frédéric Poulon 
250 |a 7e éd. 
264 1 |a Paris  |b DUNOD  |c 2011 
300 |a xii, 331 s. 
610 2 0 |a veda ekonomická 
610 2 0 |a makroekonomika 
610 2 0 |a teórie ekonomické 
610 2 0 |a kapitalizmus 
610 2 0 |a keynesizmus 
610 2 0 |a modely makroekonomické 
610 2 0 |a hospodárstvo národné 
610 2 0 |a rovnováha hospodárska 
610 2 0 |a investície 
610 2 0 |a úver 
610 2 0 |a produkcia 
610 2 0 |a zisk 
610 2 0 |a spotreba 
610 2 0 |a úspory 
100 1 |a Poulon, Frédéric